[Event "36th Reykjavik op"]
[Site "Reykjavik ISL"]
[Date "2023.04.01"]
[Round "5.92"]
[White "Nilsen, Tobias Lang"]
[Black "Arian, Tomer"]
[WhiteElo "2265"]
[BlackElo "1644"]
[Result "1-0"]
[EventDate "2023.03.29"]
[PlyCount "67"]

1. e4 c6 2. d4 d5 3. e5 c5 4. Nf3 Nc6 5. dxc5 e6 6. Be3 Nge7 7. c3 Nf5 8. Bd4 Nfxd4
9. cxd4 b6 10. b4 bxc5 11. bxc5 Qa5+ 12. Qd2 Nb4 13. Nc3 Ba6 14. Bxa6 Qxa6 15. Qe2
Qd3 16. Rc1 g6 17. a3 Qxe2+ 18. Kxe2 Nc6 19. Rb1 Bg7 20. Kd3 O-O 21. Rb7 a6 22. Rhb1
Na5 23. Rc7 h6 24. Na4 Rab8 25. Rxb8 Rxb8 26. Nb6 Nc4 27. Nxc4 Rb3+ 28. Kc2 dxc4
29. c6 Rb8 30. Rb7 Rc8 31. c7 Kh7 32. Nd2 f6 33. Nxc4 fxe5 34. Nd6  1-0

[Event "36th Reykjavik op"]
[Site "Reykjavik ISL"]
[Date "2023.04.01"]
[Round "5.93"]
[White "Fresow, Boris"]
[Black "Carlsson, Ludvig"]
[WhiteElo "1804"]
[BlackElo "2375"]
[Result "0-1"]
[EventDate "2023.03.29"]
[PlyCount "86"]

1. c4 e5 2. g3 Nc6 3. Bg2 Bc5 4. Nc3 a6 5. Nf3 d6 6. O-O Nf6 7. a3 Ba7 8. d3 h6 9.
b4 O-O 10. Bb2 Rb8 11. Nd2 Bf5 12. Nde4 Nxe4 13. Nxe4 Qd7 14. Rc1 Bh3 15. e3 Bxg2
16. Kxg2 f5 17. Nd2 f4 18. exf4 exf4 19. Qf3 Rf5 20. g4 Rg5 21. Kh1 Qxg4 22. Qxg4
Rxg4 23. Ne4 Bd4 24. Bxd4 Nxd4 25. f3 Rg6 26. Rcd1 Kf7 27. Rd2 Re8 28. Rdf2 Re5 29.
Rg1 b6 30. Rxg6 Kxg6 31. Kg2 Nf5 32. Rb2 d5 33. cxd5 Rxd5 34. Rb3 Ne3+ 35. Kf2 Kf5
36. Ke2 Ke6 37. h3 Rh5 38. Nf2 Nf5 39. Rc3 Nd4+ 40. Kf1 c6 41. Kg2 Rg5+ 42. Kf1 Rg3
43. Rc4 Kd5  0-1

[Event "36th Reykjavik op"]
[Site "Reykjavik ISL"]
[Date "2023.04.01"]
[Round "5.94"]
[White "Hipler, Andreas"]
[Black "Dauth, Benjamin"]
[WhiteElo "1780"]
[BlackElo "2261"]
[Result "0-1"]
[EventDate "2023.03.29"]
[PlyCount "88"]

1. d4 c5 2. d5 e5 3. e4 d6 4. Bb5+ Nd7 5. Nc3 a6 6. Bxd7+ Bxd7 7. a4 b5 8. axb5 axb5
9. Rxa8 Qxa8 10. Nge2 b4 11. Nb1 Nf6 12. Qd3 Qa5 13. Nd2 Bb5 14. Nc4 Qa6 15. b3 Nd7
16. O-O Nb6 17. Re1 Bxc4 18. bxc4 Qxc4 19. Qxc4 Nxc4 20. f4 Be7 21. fxe5 Nxe5 22.
Bf4 Bf6 23. Kf1 Nc4 24. Ng3 Kd7 25. Ke2 Ra8 26. Nf5 g6 27. Ne3 Ra2 28. Nxc4 Rxc2+
29. Nd2 c4 30. Kd1 b3 31. e5 dxe5 32. Bxe5 Bxe5 33. Rxe5 Kd6 34. Re8 Kxd5 35. Re7
Kd4 36. Rxf7 Kc3 37. Rf2 Rxd2+ 38. Rxd2 b2 39. Rc2+ Kb3 40. Rxc4 b1=Q+ 41. Rc1 Qd3+
42. Ke1 Qe3+ 43. Kd1 Qg1+ 44. Kd2 Qxg2+  0-1

[Event "36th Reykjavik op"]
[Site "Reykjavik ISL"]
[Date "2023.04.01"]
[Round "5.95"]
[White "Densing, Gerd"]
[Black "Ricken, Katharina"]
[WhiteElo "1777"]
[BlackElo "2205"]
[Result "0-1"]
[EventDate "2023.03.29"]
[PlyCount "70"]

1. d4 e6 2. Nf3 Nf6 3. e3 c5 4. Bd3 Nc6 5. b3 d5 6. Bb2 Bd6 7. Ne5 O-O 8. a3 Qc7
9. f4 b6 10. O-O Bb7 11. Nxc6 Bxc6 12. dxc5 Bxc5 13. Bxf6 Bxe3+ 14. Kh1 gxf6 15.
Bxh7+ Kxh7 16. Qh5+ Kg7 17. Qg4+ Kh7 18. Rf3 Bxf4 19. Rxf4 Rg8 20. Qh4+ Kg7 21. Qxf6+
Kf8 22. g3 Qe7 23. Qe5 Ke8 24. Rf6 d4+ 25. Kg1 Qd7 26. Nd2 Qd5 27. Qxd5 Bxd5 28.
Nf3 Ke7 29. Rf4 Bxf3 30. Rxf3 Rac8 31. Ra2 e5 32. Kf2 Ke6 33. Ke2 Rc7 34. Kd2 Rgc8
35. h4 Rc3  0-1

[Event "36th Reykjavik op"]
[Site "Reykjavik ISL"]
[Date "2023.04.01"]
[Round "5.96"]
[White "Frost, Niklas"]
[Black "Mai, Alexander Oliver"]
[WhiteElo "1774"]
[BlackElo "2141"]
[Result "0-1"]
[EventDate "2023.03.29"]
[PlyCount "54"]

1. d4 Nf6 2. Bf4 d5 3. e3 c5 4. Nf3 Nc6 5. c3 Qb6 6. Qc2 g6 7. dxc5 Qxc5 8. Ne5 Bg7
9. Bd3 Nh5 10. Nxc6 Nxf4 11. exf4 bxc6 12. f5 O-O 13. fxg6 hxg6 14. O-O e5 15. Nd2
e4 16. Be2 f5 17. Rac1 Qb6 18. b4 g5 19. Nb3 f4 20. Nc5 f3 21. gxf3 exf3 22. Bd3
Qc7 23. Qd2 Rf4 24. Qe3 Rg4+ 25. Kh1 Rh4 26. Qe8+ Bf8 27. Qg6+ Kh8  0-1

[Event "36th Reykjavik op"]
[Site "Reykjavik ISL"]
[Date "2023.04.01"]
[Round "5.98"]
[White "Cooper, Malcolm H"]
[Black "Loncke, Matthieu"]
[WhiteElo "1763"]
[BlackElo "2108"]
[Result "0-1"]
[EventDate "2023.03.29"]
[PlyCount "96"]

1. d4 Nf6 2. c4 g6 3. Nc3 Bg7 4. e4 d6 5. Nf3 O-O 6. Be2 Nbd7 7. O-O e5 8. d5 Nc5
9. Qc2 a5 10. Be3 b6 11. Ne1 Bd7 12. b3 Ne8 13. f3 f5 14. Nd3 f4 15. Bf2 g5 16. a3
h5 17. b4 Nxd3 18. Bxd3 Rf6 19. c5 bxc5 20. bxc5 Rg6 21. Bb5 g4 22. Bxd7 Qxd7 23.
Be1 Bf8 24. Na4 gxf3 25. Rxf3 Qg4 26. Kh1 Nf6 27. Ra2 Rg7 28. c6 Qg6 29. Nc3 Rb8
30. Qd3 Rb3 31. Qc4 Rxa3 32. Qe2 Rxa2 33. Qxa2 Nxe4 34. Nxe4 Qxe4 35. Qxa5 Qe2 36.
Rf2 Qd1 37. Qd2 Qxd2 38. Bxd2 Re7 39. Kg1 Bh6 40. Rf1 Re8 41. Ba5 Rc8 42. Rb1 Bg5
43. Rb7 Bd8 44. Kf2 Kf7 45. Kf3 Kf6 46. Ke4 Ra8 47. Bxc7 Bxc7 48. Rxc7 Ra3  0-1

[Event "36th Reykjavik op"]
[Site "Reykjavik ISL"]
[Date "2023.04.01"]
[Round "5.99"]
[White "Southcott-Moyers, Indy"]
[Black "Hill, Andy"]
[WhiteElo "2094"]
[BlackElo "1802"]
[Result "1/2-1/2"]
[EventDate "2023.03.29"]
[PlyCount "106"]

1. d4 Nf6 2. c4 g6 3. Nc3 Bg7 4. e4 d6 5. Be2 O-O 6. Nf3 Nbd7 7. O-O e5 8. Re1 c6
9. Be3 Qe7 10. Qc2 Re8 11. d5 c5 12. Nd2 Kh8 13. Rab1 Ng8 14. b4 b6 15. a4 Bh6 16.
Bxh6 Nxh6 17. a5 f5 18. axb6 axb6 19. bxc5 bxc5 20. Ra1 Rxa1 21. Rxa1 Nf6 22. Nb5
Rd8 23. Ra7 Rd7 24. Ra8 Rd8 25. Qb1 fxe4 26. Nxe4 Nxe4 27. Qxe4 Bf5 28. Rxd8+ Qxd8
29. Qe3 Nf7 30. h3 Kg7 31. Na7 Qg5 32. Qxg5 Nxg5 33. Nb5 Nf7 34. Kh2 Kf6 35. Kg3
Ke7 36. Kf3 Bc2 37. Ke3 h5 38. Bd3 Bxd3 39. Kxd3 Nh6 40. Nc3 Nf5 41. Ne4 Nd4 42.
g3 Nf3 43. h4 Nd4 44. Ke3 Nf5+ 45. Kd3 Nd4 46. Ng5 Nb3 47. f3 Nd4 48. g4 Kf6 49.
Ne4+ Ke7 50. Nd2 Kf6 51. Ne4+ Ke7 52. Nd2 Kf6 53. Ne4+ Ke7  1/2-1/2

[Event "36th Reykjavik op"]
[Site "Reykjavik ISL"]
[Date "2023.04.01"]
[Round "5.100"]
[White "Hasala, Richard"]
[Black "Pagan, Jonathan"]
[WhiteElo "1750"]
[BlackElo "2042"]
[Result "0-1"]
[EventDate "2023.03.29"]
[PlyCount "76"]

1. e4 c5 2. Ne2 e6 3. d4 cxd4 4. Nxd4 Nc6 5. g3 Qc7 6. Nxc6 bxc6 7. Bd3 Nf6 8. O-O
h5 9. h4 Bc5 10. Kg2 Rb8 11. Nc3 a5 12. e5 Ng4 13. Ne4 Be7 14. f4 Rxb2 15. Nf2 Nxf2
16. Rxf2 Rb8 17. Be3 c5 18. Be4 Bb7 19. Bxb7 Qxb7+ 20. Kh2 Qc7 21. c4 g6 22. Rb1
O-O 23. Rg2 Kg7 24. Rd2 Rxb1 25. Qxb1 Rd8 26. Rb2 Qc6 27. Bg1 d6 28. Rd2 d5 29. Qd1
d4 30. Qb1 Qf3 31. Rf2 Qa8 32. Rb2 d3 33. Rd2 Qf3 34. Qb3 Bxh4 35. Rg2 Be7 36. Rf2
Qe4 37. Qc3 h4 38. g4 d2  0-1

[Event "36th Reykjavik op"]
[Site "Reykjavik ISL"]
[Date "2023.04.01"]
[Round "5.101"]
[White "Schaefer, Bernd"]
[Black "Scoccianti, Raffaele"]
[WhiteElo "2018"]
[BlackElo "1796"]
[Result "1-0"]
[EventDate "2023.03.29"]
[PlyCount "61"]

1. d4 Nf6 2. Nf3 d5 3. e3 Bf5 4. b3 e6 5. Ne5 Nbd7 6. Bb2 Nxe5 7. dxe5 Nd7 8. Nd2
Bb4 9. a3 Ba5 10. b4 Bb6 11. c4 c6 12. c5 Bc7 13. f4 h5 14. Nf3 Bg4 15. Be2 Bxf3
16. Bxf3 g6 17. O-O b6 18. Bd4 b5 19. a4 a6 20. Qd3 O-O 21. e4 Rc8 22. exd5 exd5
23. Rae1 Nb8 24. Re3 Qh4 25. Bd1 Rfe8 26. Rh3 Qe7 27. Bxh5 gxh5 28. Rxh5 f6 29. exf6
Qe4 30. Qg3+ Kf7 31. Qg7+  1-0

[Event "36th Reykjavik op"]
[Site "Reykjavik ISL"]
[Date "2023.04.01"]
[Round "5.102"]
[White "Spagnoli, Benjamin"]
[Black "Brunier, Jules"]
[WhiteElo "1744"]
[BlackElo "2015"]
[Result "1/2-1/2"]
[EventDate "2023.03.29"]
[PlyCount "68"]

1. d4 d5 2. Nc3 Nf6 3. Bf4 e6 4. e3 Bb4 5. Bd3 c5 6. dxc5 Qa5 7. Nge2 Nbd7 8. a3
Bxc3+ 9. Nxc3 Qxc5 10. O-O e5 11. Bg3 O-O 12. Qd2 Re8 13. b4 Qe7 14. Bb5 a6 15. Bxd7
Qxd7 16. Rad1 Qc6 17. Nxd5 Ne4 18. Qd3 Bf5 19. Qe2 Nxg3 20. fxg3 Bxc2 21. Rd2 Bb3
22. Qf3 f6 23. e4 Bxd5 24. Rxd5 Rad8 25. Rfd1 Rxd5 26. Rxd5 Qb6+ 27. Kf1 Rc8 28.
Qb3 Kh8 29. Rd1 h6 30. Ke2 a5 31. b5 Rc5 32. a4 Qc7 33. b6 Qc8 34. h3 Rc3  1/2-1/2

[Event "36th Reykjavik op"]
[Site "Reykjavik ISL"]
[Date "2023.04.01"]
[Round "5.103"]
[White "Horan, George"]
[Black "Koh, Ming Yao Gavin"]
[WhiteElo "1729"]
[BlackElo "2012"]
[Result "0-1"]
[EventDate "2023.03.29"]
[PlyCount "134"]

1. d4 Nf6 2. c4 e6 3. g3 d5 4. Nf3 Be7 5. Bg2 O-O 6. O-O dxc4 7. Qc2 a6 8. Qxc4 b5
9. Qc2 Bb7 10. Nc3 Nbd7 11. Bg5 Rc8 12. Rfd1 Qe8 13. Ne5 Bxg2 14. Nxd7 Qxd7 15. Bxf6
Bxf6 16. Kxg2 c5 17. dxc5 Qc6+ 18. Kg1 Qxc5 19. Qb3 Bxc3 20. Qxc3 Qxc3 21. bxc3 Rxc3
22. Rac1 Rxc1 23. Rxc1 g6 24. Rc6 Ra8 25. Rb6 Ra7 26. Rb8+ Kg7 27. a4 bxa4 28. Rb4
Kf6 29. Rxa4 Ke5 30. Kf1 Kd5 31. Ke1 Kc5 32. Kd1 Kb5 33. Ra2 a5 34. Kc1 a4 35. Rb2+
Kc4 36. Rc2+ Kb3 37. Rb2+ Ka3 38. Kb1 h5 39. Ra2+ Kb4 40. Rb2+ Kc3 41. Rc2+ Kd4 42.
Rd2+ Ke4 43. Rd3 Kf5 44. f3 g5 45. e4+ Ke5 46. Re3 Kd4 47. Re1 e5 48. h4 gxh4 49.
gxh4 f6 50. Rg1 Ke3 51. Rg6 Ra6 52. Rh6 Kxf3 53. Rxh5 Kxe4 54. Rh8 f5 55. h5 f4 56.
h6 Kf3 57. Re8 Rxh6 58. Rxe5 Ra6 59. Ka2 a3 60. Re8 Kg2 61. Rg8+ Kf2 62. Rf8 f3 63.
Rf7 Ke2 64. Re7+ Kf1 65. Rf7 f2 66. Rf8 Ra4 67. Rf7 Ke2  0-1

[Event "36th Reykjavik op"]
[Site "Reykjavik ISL"]
[Date "2023.04.01"]
[Round "5.104"]
[White "Kalla, Christian"]
[Black "Fischer, Robert James"]
[WhiteElo "1994"]
[BlackElo "1775"]
[Result "1-0"]
[EventDate "2023.03.29"]
[PlyCount "63"]

1. e4 d5 2. exd5 Qxd5 3. Nc3 Qe5+ 4. Be2 Bg4 5. d4 Bxe2 6. Ngxe2 Qa5 7. O-O Nf6 8.
Qd3 e6 9. Bf4 c6 10. a3 Be7 11. Rad1 O-O 12. Ng3 Nbd7 13. Rfe1 Rfe8 14. Nge4 Nd5
15. Nxd5 cxd5 16. Ng5 Bxg5 17. Bxg5 Rac8 18. Bc1 Rc4 19. c3 b5 20. Re3 Rec8 21. Rh3
Nf8 22. Re1 Qa4 23. f4 g6 24. g4 a5 25. f5 exf5 26. gxf5 b4 27. axb4 axb4 28. fxg6
fxg6 29. Re7 bxc3 30. Rhxh7 Qd1+ 31. Qxd1 Nxh7 32. Qf3  1-0

[Event "36th Reykjavik op"]
[Site "Reykjavik ISL"]
[Date "2023.04.01"]
[Round "5.105"]
[White "Daemering, Katrin"]
[Black "Hauksdottir, Hrund"]
[WhiteElo "1991"]
[BlackElo "1775"]
[Result "1/2-1/2"]
[EventDate "2023.03.29"]
[PlyCount "105"]

1. Nf3 d5 2. d3 Nf6 3. g3 c5 4. Bg2 Nc6 5. Nbd2 Bf5 6. c4 e6 7. O-O Be7 8. h3 h5
9. Qa4 O-O 10. cxd5 exd5 11. Nh4 Be6 12. f4 Nd4 13. Qd1 Qd7 14. Kh2 Rad8 15. Ndf3
Nxf3+ 16. Nxf3 d4 17. Ne5 Qc7 18. e4 dxe3 19. Bxe3 Bd5 20. Rc1 Bxg2 21. Kxg2 b6 22.
Qf3 Qd6 23. Nc6 Rd7 24. d4 Nd5 25. Nxe7+ Qxe7 26. Bf2 cxd4 27. Bxd4 Rfd8 28. Bf2
Qb4 29. Rc2 h4 30. Be1 Qa4 31. b3 Qd4 32. Bf2 Qf6 33. Rc4 hxg3 34. Qxg3 Qf5 35. Bd4
f6 36. a4 a6 37. Kh2 b5 38. axb5 axb5 39. Rc5 Qe4 40. Bg1 Nb4 41. Qf3 Rd2+ 42. Kh1
Qd3 43. Rc3 Qf5 44. Rc5 Qe6 45. Rc3 R2d3 46. Rxd3 Rxd3 47. Qa8+ Kh7 48. Rf3 Rxb3
49. Rxb3 Qxb3 50. Qe4+ Kg8 51. Qe8+ Kh7 52. Qh5+ Kg8 53. Qe8+  1/2-1/2

[Event "36th Reykjavik op"]
[Site "Reykjavik ISL"]
[Date "2023.04.01"]
[Round "5.106"]
[White "Thorisson, Benedikt"]
[Black "Alfaro Guillen, Jose Raul"]
[WhiteElo "1725"]
[BlackElo "1983"]
[Result "1/2-1/2"]
[EventDate "2023.03.29"]
[PlyCount "105"]

1. e4 c5 2. Nf3 d6 3. d4 cxd4 4. Nxd4 Nf6 5. Nc3 Nc6 6. f3 e5 7. Nb3 Be6 8. Be3 d5
9. exd5 Nxd5 10. Nxd5 Qxd5 11. Qxd5 Bxd5 12. O-O-O O-O-O 13. Kb1 Be7 14. Bb5 a6 15.
Bxc6 Bxc6 16. Bb6 Rxd1+ 17. Rxd1 Bd8 18. Be3 h5 19. Nd2 Bc7 20. Ne4 Rd8 21. Rxd8+
Kxd8 22. Bc5 Kd7 23. c4 Bxe4+ 24. fxe4 Kc6 25. Bf8 Bd6 26. Bxg7 Kc5 27. b3 Kd4 28.
Kc2 Kxe4 29. Kd2 f5 30. Bh6 f4 31. Ke2 Be7 32. Bg7 Ba3 33. Bf6 Kf5 34. Bh4 e4 35.
Be1 b5 36. cxb5 axb5 37. h3 Ke5 38. Bc3+ Kd5 39. Bg7 Bd6 40. Bb2 b4 41. Bf6 Ke6 42.
Bd4 Be7 43. Bg7 Bc5 44. Bb2 Kf5 45. Bc1 Bd6 46. Bd2 e3 47. Bc1 Ke4 48. Bb2 Be5 49.
Bc1 Bd6 50. Bb2 Bc5 51. Bc1 Be7 52. Bb2 Bd6 53. Bc1  1/2-1/2

[Event "36th Reykjavik op"]
[Site "Reykjavik ISL"]
[Date "2023.04.01"]
[Round "5.107"]
[White "Hald, Morten Hansen"]
[Black "Moeller, Jared William"]
[WhiteElo "1687"]
[BlackElo "1974"]
[Result "0-1"]
[EventDate "2023.03.29"]
[PlyCount "94"]

1. Nc3 d5 2. e4 d4 3. Nce2 e5 4. Nf3 f6 5. Ng3 Be6 6. Bb5+ c6 7. Ba4 Nd7 8. Bb3 Nc5
9. Bxe6 Nxe6 10. d3 g6 11. c4 Bb4+ 12. Bd2 Qa5 13. O-O h5 14. a3 Bxd2 15. Nxd2 h4
16. b4 Qc7 17. Ne2 g5 18. h3 Nh6 19. f3 Nf4 20. Nxf4 gxf4 21. c5 Rg8 22. Nc4 Nf7
23. Qe1 Ke7 24. Kf2 Rg6 25. Nd6 Nxd6 26. cxd6+ Qxd6 27. Rg1 Qe6 28. Qd2 Rgg8 29.
Qc2 a5 30. Qc5+ Qd6 31. Qb6 Rgb8 32. Qc5 b6 33. Qxd6+ Kxd6 34. Rgb1 axb4 35. axb4
b5 36. Rxa8 Rxa8 37. Rb2 c5 38. bxc5+ Kxc5 39. Ke2 Ra1 40. Rc2+ Kb4 41. Rc6 Ra2+
42. Kf1 Rd2 43. Rxf6 Kc3 44. g4 hxg3 45. h4 Kxd3 46. h5 Ke3 47. Ke1 Rh2  0-1

[Event "36th Reykjavik op"]
[Site "Reykjavik ISL"]
[Date "2023.04.01"]
[Round "5.108"]
[White "Pozimski, Szymon"]
[Black "Kasims, Stefans"]
[WhiteElo "1972"]
[BlackElo "1753"]
[Result "1/2-1/2"]
[EventDate "2023.03.29"]
[PlyCount "64"]

1. c4 e5 2. e3 Nf6 3. Nc3 Bb4 4. Nge2 O-O 5. Qb3 Nc6 6. Nd5 Bc5 7. Nec3 Re8 8. Be2
Bf8 9. d3 a6 10. Bd2 Rb8 11. O-O d6 12. Rfc1 g6 13. Qc2 Bg7 14. b4 Ne7 15. Rab1 c6
16. Nxf6+ Bxf6 17. a4 Be6 18. b5 axb5 19. Ne4 Bg7 20. axb5 c5 21. Ra1 h6 22. Ra4
g5 23. Nc3 g4 24. e4 Rf8 25. Qd1 Qc8 26. f3 gxf3 27. Bxf3 Kh8 28. Qe2 f5 29. Rf1
Ra8 30. Rfa1 Rb8 31. Rf1 Ra8 32. Rfa1 Rb8  1/2-1/2

[Event "36th Reykjavik op"]
[Site "Reykjavik ISL"]
[Date "2023.04.01"]
[Round "5.109"]
[White "Yeo, Ruizhi Carwyn"]
[Black "Kane, Robert"]
[WhiteElo "1963"]
[BlackElo "1745"]
[Result "1-0"]
[EventDate "2023.03.29"]
[PlyCount "65"]

1. e4 c6 2. d4 d5 3. Nd2 dxe4 4. Nxe4 Nf6 5. Nxf6+ gxf6 6. c3 Bf5 7. Bc4 e6 8. Ne2
Bd6 9. Bf4 Bxf4 10. Nxf4 Qd6 11. Qf3 Rg8 12. Nh5 Nd7 13. h3 Qe7 14. O-O-O O-O-O 15.
g4 Bg6 16. Ng3 f5 17. gxf5 Qg5+ 18. Kb1 exf5 19. Bd3 f4 20. h4 Qb5 21. Ne4 Bxe4 22.
Qxe4 Qh5 23. Qxf4 Rg2 24. Be4 Rg7 25. Bf5 f6 26. d5 c5 27. b4 Re7 28. bxc5 Re5 29.
Be6 Qg6+ 30. Ka1 Kb8 31. Qb4 Re4 32. Rd4 Qg2 33. Rb1  1-0

[Event "36th Reykjavik op"]
[Site "Reykjavik ISL"]
[Date "2023.04.01"]
[Round "5.110"]
[White "Pedersen, Sondre-Andreas"]
[Black "Biedenkopf, Philipp"]
[WhiteElo "1674"]
[BlackElo "1959"]
[Result "1-0"]
[EventDate "2023.03.29"]
[PlyCount "159"]

1. d4 Nf6 2. c4 e6 3. Nc3 Bb4 4. Qc2 c5 5. Nf3 cxd4 6. Nxd4 a6 7. g3 O-O 8. Bg2 Qc7
9. a3 Qxc4 10. axb4 Qxd4 11. b5 d5 12. O-O Nbd7 13. e4 dxe4 14. Nxe4 Nxe4 15. Bxe4
Nf6 16. Ra4 Qb6 17. Be3 Qxb5 18. Bd3 Qe8 19. Rh4 g6 20. Bd4 Qe7 21. Qd2 Nd5 22. Qh6
f6 23. Bc5 Qg7 24. Bxf8 Kxf8 25. Qxh7 f5 26. Rc1 Qxh7 27. Rxh7 Kg8 28. Rh4 Bd7 29.
Rhc4 Bc6 30. f4 Kf7 31. Rc5 Kf6 32. Re1 Kf7 33. Re5 Kf6 34. h4 Kf7 35. Rc1 Kf6 36.
Rce1 Nc7 37. Bc4 Re8 38. Bf1 Re7 39. b4 Re8 40. Bg2 Bxg2 41. Kxg2 Rd8 42. Rc5 Rd2+
43. Kf3 Nd5 44. Rc8 Rd3+ 45. Kf2 Nxb4 46. Rb1 a5 47. Rc7 b6 48. Rb7 Rd6 49. h5 g5
50. h6 Nd5 51. fxg5+ Kxg5 52. h7 Rd8 53. Rh1 Rh8 54. Rg7+ Kf6 55. Rg8 Rxh7 56. Rxh7
b5 57. Ra8 a4 58. Rb7 Nc3 59. Ra5 Ne4+ 60. Kg2 Nd6 61. Rbxb5 Nxb5 62. Rxb5 e5 63.
Kf3 a3 64. Ra5 f4 65. gxf4 exf4 66. Kxf4 a2 67. Rxa2 Ke6 68. Ra5 Kd6 69. Ke4 Kc6
70. Kd4 Kd6 71. Ra6+ Ke7 72. Kd5 Kf7 73. Ke5 Kg7 74. Kf5 Kf7 75. Ra7+ Ke8 76. Ke6
Kd8 77. Rh7 Kc8 78. Kd6 Kb8 79. Kc6 Ka8 80. Kb6  1-0

[Event "36th Reykjavik op"]
[Site "Reykjavik ISL"]
[Date "2023.04.01"]
[Round "5.111"]
[White "Kaergaard, Sissel"]
[Black "Arndt, Uwe"]
[WhiteElo "1665"]
[BlackElo "1940"]
[Result "1/2-1/2"]
[EventDate "2023.03.29"]
[PlyCount "91"]

1. d4 d5 2. Nf3 e6 3. Bf4 Nf6 4. e3 c5 5. c3 cxd4 6. exd4 Bd6 7. Bg3 O-O 8. Bd3 b6
9. O-O Bb7 10. Nbd2 Nc6 11. Re1 Bxg3 12. hxg3 Rc8 13. Ne5 Nxe5 14. dxe5 Nd7 15. Nf3
Nc5 16. Nd4 a5 17. Bc2 Ba6 18. Re3 Rc7 19. Qh5 h6 20. g4 Qg5 21. Qxg5 hxg5 22. g3
g6 23. Kg2 Ne4 24. Bxe4 dxe4 25. f3 exf3+ 26. Nxf3 Bb7 27. Rd1 Rfc8 28. Kf2 Bxf3
29. Kxf3 Rc5 30. Rd7 a4 31. a3 Rb5 32. Re2 Rcc5 33. Ra7 Rc4 34. Kg2 Rxg4 35. Rf2
Rxe5 36. Rfxf7 Rf5 37. Rfb7 Re4 38. Rg7+ Kf8 39. Rgb7 Re2+ 40. Kh3 Kg8 41. Rg7+ Kh8
42. Rh7+ Kg8 43. Rhg7+ Kf8 44. Rgb7 Kg8 45. Rg7+ Kh8 46. Rh7+  1/2-1/2

[Event "36th Reykjavik op"]
[Site "Reykjavik ISL"]
[Date "2023.04.01"]
[Round "5.112"]
[White "Ragnarsson, Johann"]
[Black "Eliasson, Kristjan Oern"]
[WhiteElo "1929"]
[BlackElo "1737"]
[Result "0-1"]
[EventDate "2023.03.29"]
[PlyCount "86"]

1. d4 g6 2. c4 Bg7 3. Nc3 d6 4. e4 c6 5. Be3 Nf6 6. f3 Nbd7 7. Qd2 Qc7 8. Nge2 e5
9. d5 c5 10. Ng3 h5 11. Bd3 a6 12. O-O h4 13. Nge2 Nh5 14. g3 hxg3 15. hxg3 Ndf6
16. Kg2 Bh3+ 17. Kf2 Bxf1 18. Rxf1 Nd7 19. Ke1 Nhf6 20. Kd1 Rh2 21. Bg1 Rh1 22. g4
Rh3 23. Rf2 O-O-O 24. g5 Nh5 25. Bh2 Rh8 26. Ng1 Rh4 27. Bf1 Qd8 28. Bh3 Kb8 29.
Rg2 Nf4 30. Bxf4 exf4 31. Bg4 Ne5 32. Qxf4 Nxc4 33. Kc1 Qe7 34. e5 Nxe5 35. Kb1 Nxg4
36. fxg4 Rh1 37. Kc2 Be5 38. Qe3 R8h2 39. Rxh2 Rxh2+ 40. Kb3 Qc7 41. Nge2 b5 42.
a3 Qb7 43. Qf3 b4  0-1

[Event "36th Reykjavik op"]
[Site "Reykjavik ISL"]
[Date "2023.04.01"]
[Round "5.113"]
[White "Gudnyjarson, Sigurdur Pall"]
[Black "Hartmann, Wolfgang"]
[WhiteElo "1664"]
[BlackElo "1925"]
[Result "0-1"]
[EventDate "2023.03.29"]
[PlyCount "88"]

1. d4 Nf6 2. c4 e6 3. g3 d5 4. Bg2 Bb4+ 5. Nd2 O-O 6. Ngf3 b6 7. cxd5 exd5 8. O-O
Re8 9. a3 Bd6 10. b4 a5 11. b5 c6 12. bxc6 Nxc6 13. e3 Bf5 14. Qb3 a4 15. Qb5 Qd7
16. Bb2 Ra5 17. Qe2 b5 18. Nh4 Bg4 19. Qd3 g5 20. Nhf3 Bf5 21. Qc3 b4 22. Qc1 h6
23. axb4 Nxb4 24. Ba3 Nd3 25. Qc3 Ra7 26. Bxd6 Qxd6 27. Qa3 Qc7 28. Nb3 Ne4 29. Nc1
Nc3 30. Nxd3 Bxd3 31. Rfe1 Rb8 32. Nd2 Bc2 33. Rac1 Rb3 34. Nxb3 axb3 35. Qb2 Ra2
36. Rxc2 bxc2 37. Qc1 Qa5 38. Bf1 Qb4 39. Bd3 Qb3 40. Kf1 Rb2 41. Bf5 Na2 42. Qa1
Qc4+ 43. Kg2 c1=Q 44. Rxc1 Qxc1  0-1

[Event "36th Reykjavik op"]
[Site "Reykjavik ISL"]
[Date "2023.04.01"]
[Round "5.114"]
[White "Qiu, Andrew Yu"]
[Black "Kee, Steve"]
[WhiteElo "1646"]
[BlackElo "1919"]
[Result "1-0"]
[EventDate "2023.03.29"]
[PlyCount "55"]

1. e4 c5 2. Nf3 g6 3. Nc3 Bg7 4. d4 cxd4 5. Nxd4 Nc6 6. Be3 Nf6 7. f3 O-O 8. Bc4
a6 9. Qd2 b5 10. Bb3 Bb7 11. O-O-O Qc7 12. g4 e6 13. h4 h5 14. Kb1 Rac8 15. Nxc6
dxc6 16. Bf4 e5 17. Bg5 Rfd8 18. Qg2 Rxd1+ 19. Rxd1 hxg4 20. fxg4 b4 21. h5 Nh7 22.
hxg6 Nxg5 23. Qd2 Bf6 24. gxf7+ Kg7 25. Qh2 Rh8 26. Qxh8+ Kxh8 27. f8=Q+ Kh7 28.
Qg8+  1-0

[Event "36th Reykjavik op"]
[Site "Reykjavik ISL"]
[Date "2023.04.01"]
[Round "5.115"]
[White "Schaefer, Kay"]
[Black "Scotti, Martin"]
[WhiteElo "1919"]
[BlackElo "1734"]
[Result "1/2-1/2"]
[EventDate "2023.03.29"]
[PlyCount "122"]

1. e4 c5 2. Nc3 Nc6 3. Bb5 Nd4 4. Bc4 Nf6 5. Nge2 e6 6. O-O a6 7. d3 b5 8. Bb3 Nxb3
9. axb3 Bb7 10. e5 Ng8 11. Ne4 d5 12. exd6 Bxd6 13. Nxd6+ Qxd6 14. Be3 Nf6 15. f3
Rc8 16. Qd2 O-O 17. Ng3 Rfd8 18. Rad1 Nd5 19. Bf2 e5 20. Rfe1 Nf4 21. Qc3 f6 22.
Ne4 Bxe4 23. fxe4 Ne6 24. Ra1 Nd4 25. Kf1 Rc6 26. Qd2 Qe6 27. h3 g5 28. Qd1 Kg7 29.
Kg1 h5 30. Rc1 Kg6 31. c4 b4 32. Bxd4 Rxd4 33. Qf3 Rcd6 34. Rcd1 Qd7 35. Re3 a5 36.
Kf2 Ra6 37. g4 h4 38. Qf5+ Qxf5+ 39. exf5+ Kf7 40. Ra1 Ke7 41. Ke2 Kd7 42. Re4 Rdd6
43. Kd2 Kc6 44. Ke2 Kb6 45. Ke3 Ra8 46. Ke2 Rd7 47. Ke3 Rad8 48. Rd1 a4 49. bxa4
b3 50. Ke2 Ka5 51. Re3 Kb4 52. Ra1 Ra8 53. Kd2 Rda7 54. Ree1 Rxa4 55. Rxa4+ Rxa4
56. Ke3 Ra2 57. Rb1 Rxb2 58. Rxb2 Kc3 59. Rf2 b2 60. Rf1 Kc2 61. Rf2+ Kc3  1/2-1/2

[Event "36th Reykjavik op"]
[Site "Reykjavik ISL"]
[Date "2023.04.01"]
[Round "5.116"]
[White "Ingvarsson, Unnar"]
[Black "Doran, Chris"]
[WhiteElo "1661"]
[BlackElo "1918"]
[Result "0-1"]
[EventDate "2023.03.29"]
[PlyCount "63"]

1. b3 Nf6 2. Bb2 g6 3. e3 Bg7 4. Nf3 c5 5. Be2 Nc6 6. O-O O-O 7. c4 d5 8. d4 dxc4
9. Bxc4 cxd4 10. Nxd4 Ne5 11. Be2 Qb6 12. Nc3 Bd7 13. Rc1 Rfd8 14. Qc2 Rac8 15. Qb1
Bh6 16. h3 a6 17. Rfd1 Qa7 18. g4 Qb8 19. f4 Bxg4 20. hxg4 Nexg4 21. Bxg4 Nxg4 22.
Qe4 e5 23. Nde2 f5 24. Rxd8+ Rxd8 25. Qc4+ Kh8 26. Nd5 Qd6 27. Rd1 Bg7 28. Ndc3 Qxd1+
29. Nxd1 Rxd1+ 30. Kg2 Nxe3+ 31. Kf3 Nxc4 32. bxc4  0-1

[Event "36th Reykjavik op"]
[Site "Reykjavik ISL"]
[Date "2023.04.01"]
[Round "5.117"]
[White "Geyler, Stefan"]
[Black "Bjarnason, Snorri Vikanes"]
[WhiteElo "1915"]
[BlackElo "1676"]
[Result "0-1"]
[EventDate "2023.03.29"]
[PlyCount "48"]

1. e4 c5 2. Nf3 d6 3. d4 cxd4 4. Qxd4 Nc6 5. Qe3 Nf6 6. h3 g6 7. Be2 Bg7 8. O-O O-O
9. c4 a5 10. Nc3 Nd7 11. Rb1 Nc5 12. b3 f5 13. exf5 Bxf5 14. Ra1 Nb4 15. Ne1 d5 16.
cxd5 Nxd5 17. Bc4 e6 18. Bxd5 exd5 19. Qd2 Ne4 20. Nxe4 dxe4 21. Qxd8 Rfxd8 22. Rb1
e3 23. Rb2 Bxb2 24. Bxb2 e2  0-1

[Event "36th Reykjavik op"]
[Site "Reykjavik ISL"]
[Date "2023.04.01"]
[Round "5.118"]
[White "Gregersen, Einar"]
[Black "Brade, Henry"]
[WhiteElo "1894"]
[BlackElo "1668"]
[Result "1-0"]
[EventDate "2023.03.29"]
[PlyCount "63"]

1. e4 c5 2. Nf3 e6 3. d4 cxd4 4. Nxd4 a6 5. Bd3 Bc5 6. Nb3 Ba7 7. O-O Nc6 8. Qe2
Nf6 9. Nc3 d6 10. Be3 O-O 11. Bxa7 Rxa7 12. Rad1 b5 13. a3 Re8 14. Kh1 Rae7 15. f4
Bb7 16. Rf3 e5 17. Qf2 exf4 18. Rxf4 Ne5 19. Nd4 Neg4 20. Qg3 Re5 21. Rxg4 Nxg4 22.
Qxg4 d5 23. Nf3 R5e6 24. exd5 Rh6 25. h3 Kf8 26. Ng5 Re5 27. Nce4 Rg6 28. Nxf7 Kxf7
29. Qf4+ Kg8 30. Qxe5 Bc8 31. Rf1 Kh8 32. Ng5  1-0